| 000 | 01428nam a2200241 u 4500 | ||
|---|---|---|---|
| 001 | 000814228 | ||
| 003 | AM-YeHGA | ||
| 005 | 20250617144454.0 | ||
| 008 | 110602s1976 ||||||||r|||||000|0|rus|d | ||
| 040 | _aAM-YeHGA | ||
| 041 | 0 | _arus | |
| 245 | 0 | 0 |
_aПослеопрационные осложнения : _bМатериалы научно-практической конференции врачей-хирургов Горьковской железой дороги / _c[Редкол.: Р.К. Хаританов (отв. ред.) [и др.]]; МЗ СССР, Казанский государственный институт усовершенствования врачей им. В.И. Ленина. |
| 260 |
_aКазань : _bТатарское книжное изд-во, _c1976. |
||
| 300 |
_a175 с. ; _c20 см. |
||
| 650 | 1 | 4 | _aКонференции |
| 650 | 1 | 4 | _aХирургия |
| 650 | 1 | 4 |
_aПослеоперационные осложнения _xЭтиология _xДиагностика _xПрофилактика и контроль |
| 650 | 1 | 4 | _aНаучные исследования |
| 700 | 1 |
_aХаританов, Р.К. _eред. _4edt |
|
| 710 | 2 | _aМинистерство здравоохранения СССР | |
| 710 | 2 | _aКазанский государственный институт усовершенствования врачей им. В.И. Ленина | |
| 090 | _c296456 | ||
| 999 |
_c294767 _d294767 |
||